[Event "ICS rated blitz match"]
[Site "204.178.125.65"]
[Date "2000.05.15"]
[Round "?"]
[White "QueenMaxima"]
[Black "Hossa"]
[Result "1-0"]
[WhiteElo "2575"]
[BlackElo "2411"]
[PlyCount "65"]
[EventDate "2000.??.??"]

1. e4 e5 2. Nf3 Nc6 3. Bb5 a6 4. Ba4 Nf6 5. O-O Be7 6. Re1 b5 7. Bb3 d6 8. c3
O-O 9. h3 Bb7 10. d4 Re8 11. Nbd2 Bf8 12. a4 h6 13. Bc2 exd4 14. cxd4 Nb4 15.
Bb1 c5 16. d5 Nd7 17. Ra3 f5 18. Nh2 fxe4 19. Rae3 Nxd5 20. Rxe4 Be7 21. Bc2 c4
22. Ndf3 Nb4 23. R4e2 Nxc2 24. Qxc2 d5 25. Bxh6 gxh6 26. Qg6+ Kh8 27. Qxh6+ Kg8
28. Ng4 b4 29. Qg6+ Kh8 30. Nh6 Ne5 31. Nxe5 Rf8 32. Nhf7+ Rxf7 33. Nxf7# {
Hossa checkmated} 1-0

[Event "ICS rated blitz match"]
[Site "204.178.125.65"]
[Date "2000.05.15"]
[Round "?"]
[White "Hossa"]
[Black "QueenMaxima"]
[Result "1-0"]
[WhiteElo "2402"]
[BlackElo "2584"]
[PlyCount "101"]
[EventDate "2000.??.??"]

1. e4 e5 2. Nf3 Nc6 3. Nc3 Nf6 4. Nxe5 Nxe5 5. d4 Nc6 6. d5 Ne5 7. f4 Ng6 8. e5
Ng8 9. d6 cxd6 10. exd6 Qh4+ 11. g3 Qf6 12. Nb5 Qe6+ 13. Kf2 Kd8 14. Nc7 Qe4
15. Bg2 Qb4 16. Nxa8 Bxd6 17. c3 Bc5+ 18. Ke1 Qb5 19. b4 Be7 20. Kf2 Nf6 21.
Be3 b6 22. a4 Qf5 23. Re1 Ng4+ 24. Kg1 Nxe3 25. Rxe3 Qf6 26. Qf1 h5 27. Qc4 Bd6
28. h4 Ne7 29. Rae1 Re8 30. Bd5 Bb8 31. Bxf7 d5 32. Bxd5 Bd7 33. Bf7 Rh8 34.
Rxe7 Qxe7 35. Rxe7 Kxe7 36. Qd4 Kxf7 37. Qxd7+ Kg8 38. f5 Be5 39. Qxa7 Rh6 40.
Nxb6 Bxg3 41. Nd7 Bd6 42. Qa8+ Kh7 43. Qe8 Rf6 44. Nxf6+ gxf6 45. Qd7+ Kh8 46.
Qxd6 Kg7 47. Qe7+ Kg8 48. Qxf6 Kh7 49. Qg5 Kh8 50. f6 Kh7 51. Qg7# 1-0

[Event "ICS rated blitz match"]
[Site "204.178.125.65"]
[Date "2000.05.15"]
[Round "?"]
[White "QueenMaxima"]
[Black "Hossa"]
[Result "1-0"]
[WhiteElo "2560"]
[BlackElo "2426"]
[PlyCount "113"]
[EventDate "2000.??.??"]

1. e4 e5 2. Nf3 Nc6 3. Bb5 a6 4. Ba4 Nf6 5. O-O Be7 6. Re1 b5 7. Bb3 d6 8. c3
O-O 9. h3 Bb7 10. d4 Re8 11. Nbd2 Bf8 12. a4 h6 13. Bc2 exd4 14. cxd4 Nb4 15.
Bb1 c5 16. d5 Nd7 17. Ra3 f5 18. exf5 Nf6 19. Ne4 Nbxd5 20. Ba2 Rxe4 21. Rxe4
c4 22. axb5 axb5 23. Rh4 Rxa3 24. bxa3 Nc3 25. Qc2 Nxa2 26. Qxa2 Bxf3 27. gxf3
Qe8 28. Qd2 Qf7 29. Qb2 Qd5 30. Bxh6 Qxf5 31. Be3 Be7 32. a4 bxa4 33. Rxc4 Qxf3
34. Kh2 d5 35. Qb8+ Kh7 36. Rh4+ Kg6 37. Qe5 Kf7 38. Rxa4 Bf8 39. Rf4 Qd1 40.
Bd4 Be7 41. Qxd5+ Ke8 42. Qc6+ Kf7 43. Qc4+ Kf8 44. Qc8+ Kf7 45. Qb7 Ke6 46.
Qb5 Kf7 47. Qe5 Qc1 48. Rf3 Qd1 49. Re3 Kg8 50. Rg3 Bd8 51. Qe6+ Kh8 52. Qf7
Qg4 53. hxg4 Bc7 54. Qxc7 Kg8 55. Bxf6 gxf6 56. Rd3 f5 57. Rd8# {
Hossa checkmated} 1-0

[Event "ICS rated blitz match"]
[Site "204.178.125.65"]
[Date "2000.05.15"]
[Round "?"]
[White "Hossa"]
[Black "sanchess64"]
[Result "1-0"]
[WhiteElo "2416"]
[BlackElo "2035"]
[PlyCount "85"]
[EventDate "2000.??.??"]

1. e4 d5 2. exd5 Qxd5 3. Nc3 Qa5 4. d4 Nf6 5. Nf3 Bf5 6. Bd2 c6 7. Bc4 e6 8.
Qe2 Bb4 9. a3 Nd5 10. Bxd5 cxd5 11. Qb5+ Qxb5 12. Nxb5 Bxd2+ 13. Kxd2 Na6 14.
Nd6+ Ke7 15. Nxf5+ exf5 16. Rhe1+ Kd6 17. Re5 g6 18. Rae1 Rad8 19. Re7 Rd7 20.
Rxd7+ Kxd7 21. Ne5+ Kc8 22. Nxf7 Rf8 23. Re7 Nc7 24. Nd6+ Kb8 25. Rxh7 b6 26.
Rg7 Ne6 27. Rxg6 Nxd4 28. h4 f4 29. Rg5 f3 30. g3 Rd8 31. Rxd5 Ne6 32. Ke3 Nc7
33. Rd3 Ne6 34. Kxf3 Nc5 35. Rd2 Rf8+ 36. Kg4 Rf6 37. h5 a6 38. f4 b5 39. b3
Nd7 40. Nxb5 Nf8 41. Rd8+ Kb7 42. Nd4 Kc7 43. Rxf8 {sanchess64 resigns} 1-0

[Event "ICS rated blitz match"]
[Site "204.178.125.65"]
[Date "2000.05.15"]
[Round "?"]
[White "sanchess64"]
[Black "Hossa"]
[Result "0-1"]
[WhiteElo "2059"]
[BlackElo "2419"]
[PlyCount "204"]
[EventDate "2000.??.??"]

1. e4 e5 2. Nf3 Nc6 3. d4 exd4 4. Nxd4 Bc5 5. Nxc6 Qf6 6. Qd2 dxc6 7. Nc3 Be6
8. Qf4 Bb4 9. Qxf6 Nxf6 10. f3 h6 11. Bd2 O-O-O 12. O-O-O Ba5 13. a3 Bxc3 14.
Bxc3 Rxd1+ 15. Kxd1 Rd8+ 16. Ke1 Ne8 17. Kf2 g6 18. Be2 h5 19. Ke3 c5 20. Rd1
Rxd1 21. Bxd1 Nd6 22. f4 f5 23. Bf3 fxe4 24. Bxe4 Nxe4 25. Kxe4 Bf5+ 26. Kd5 b6
27. b4 cxb4 28. axb4 Bxc2 29. Be5 a5 30. bxa5 bxa5 31. Kc5 Kb7 32. Bc3 a4 33.
Bb4 Be4 34. g3 Bc2 35. h4 c6 36. Ba3 Kc7 37. Bb2 Bb3 38. Bc1 Kd7 39. Ba3 Bc2
40. Bb4 Be4 41. Ba3 Ke6 42. Bb2 Kf5 43. Kb4 Bc2 44. Kc5 Kg4 45. Kxc6 Kxg3 46.
Bf6 Kxf4 47. Kc5 Kf5 48. Bb2 g5 49. hxg5 h4 50. Kb4 h3 51. g6 Bb3 52. g7 h2 53.
g8=Q Bxg8 54. Kxa4 Bf7 55. Bc3 Be6 56. Kb4 Kg4 57. Bd4 Bd5 58. Bc3 Ba2 59. Bd4
Bf7 60. Bc3 Be8 61. Bd4 Bd7 62. Bc3 Bc6 63. Bd4 Kf5 64. Bc3 Bd5 65. Bd4 Ke4 66.
Bc3 Bb7 67. Bf6 Bc6 68. Bc3 Kd5 69. Bf6 Bd7 70. Bc3 Be6 71. Bf6 Bg4 72. Bc3 Be2
73. Bf6 Bf3 74. Bc3 Be4 75. Bf6 Bc2 76. Bc3 Bd1 77. Bf6 Bh5 78. Bc3 Be8 79. Bf6
Bf7 80. Bc3 Bg6 81. Bf6 Bf5 82. Bc3 Bd3 83. Bg7 Bf1 84. Bc3 Bc4 85. Bf6 Bf1 86.
Bc3 Bc4 87. Bf6 Bf1 88. Bc3 Bc4 89. Bf6 Bf1 90. Bc3 Bc4 91. Bf6 Bf1 92. Bc3 Bc4
93. Bg7 Ba2 94. Bc3 Bb1 95. Bf6 Bh7 96. Bc3 Kc6 97. Bf6 Bf5 98. Bg7 Be4 99. Be5
h1=Q 100. Bc3 Qb1+ 101. Kc4 Bd5+ 102. Kd4 Qe4# 0-1

[Event "ICS rated blitz match"]
[Site "204.178.125.65"]
[Date "2000.05.15"]
[Round "?"]
[White "Hossa"]
[Black "QueenMaxima"]
[Result "0-1"]
[WhiteElo "2423"]
[BlackElo "2585"]
[PlyCount "162"]
[EventDate "2000.??.??"]

1. e4 c5 2. Nf3 Nc6 3. d4 cxd4 4. Nxd4 Nf6 5. Nc3 d6 6. Bg5 e6 7. Qd2 a6 8.
O-O-O h6 9. Be3 Be7 10. f4 Nxd4 11. Bxd4 b5 12. Bd3 Bb7 13. Kb1 b4 14. Ne2 O-O
15. Qxb4 Qd7 16. Bxf6 Bxf6 17. e5 Be7 18. Qd4 Bxg2 19. Rhg1 Qb7 20. b3 Rfd8 21.
exd6 Rxd6 22. Qf2 Bf3 23. Rg3 Be4 24. Qg1 Bf6 25. Bxe4 Rxd1+ 26. Qxd1 Qxe4 27.
Rd3 e5 28. Qf1 exf4 29. Nxf4 Be5 30. Nd5 Bxh2 31. Rd1 Rc8 32. Rd2 Bd6 33. Kb2
Qe6 34. c3 Be5 35. Qd3 f5 36. Kb1 Re8 37. Re2 Rd8 38. c4 g5 39. Re1 Kf7 40. Qf3
g4 41. Qe3 Re8 42. Qa7+ Kg8 43. Kc2 Kh8 44. Nf4 Qf6 45. Qd7 Rg8 46. Nd5 Qh4 47.
Re2 Qh5 48. Ne7 Rg5 49. Qe6 Ba1 50. Qxa6 g3 51. Rg2 Qh3 52. Qa8+ Kh7 53. Qf3 f4
54. Re2 Qh5 55. Qxh5 Rxh5 56. Nd5 f3 57. Re7+ Kg8 58. Re8+ Kg7 59. Rd8 f2 60.
Rd7+ Kf8 61. Rd8+ Kf7 62. Rd7+ Ke8 63. Re7+ Kf8 64. Re4 Rh2 65. Rf4+ Ke8 66.
Kd3 g2 67. Rxf2 g1=Q 68. Rxh2 Qxh2 69. a4 Qa2 70. Ke4 Qxb3 71. Ne3 Bb2 72. a5
Bc1 73. Nd5 Qxc4+ 74. Ke5 Bb2+ 75. Kd6 Qa6+ 76. Nb6 Bc3 77. Ke6 Qb5 78. Kd6
Be5+ 79. Ke6 Bd4 80. Kd6 Qc5+ 81. Ke6 Qe5# {Hossa checkmated} 0-1

[Event "ICS rated blitz match"]
[Site "204.178.125.65"]
[Date "2000.05.15"]
[Round "?"]
[White "SquareBox"]
[Black "Hossa"]
[Result "1/2-1/2"]
[WhiteElo "2217"]
[BlackElo "2414"]
[PlyCount "68"]
[EventDate "2000.??.??"]

1. c4 e5 2. Nc3 Nf6 3. e4 Bc5 4. g3 Nc6 5. Bg2 d6 6. h3 O-O 7. Nge2 Be6 8. d3
Re8 9. O-O Rf8 10. Kh2 Nd4 11. f4 c6 12. f5 Nxe2 13. Nxe2 Bc8 14. g4 Re8 15. g5
Nd7 16. Ng3 f6 17. g6 Re7 18. gxh7+ Kxh7 19. Qh5+ Kg8 20. Qg4 Bb6 21. h4 a5 22.
h5 Nc5 23. Rf3 d5 24. h6 dxe4 25. dxe4 Rf7 26. Nh5 Kf8 27. hxg7+ Kg8 28. Rg3
Qd4 29. Bh6 Qxb2 30. Qg6 Bxf5 31. exf5 Ne4 32. Rg4 Nf2 33. Rg3 Ne4 34. Rg4 Nf2
1/2-1/2

[Event "ICS rated bullet match"]
[Site "204.178.125.65"]
[Date "2000.05.15"]
[Round "?"]
[White "Hossa"]
[Black "PostModernist"]
[Result "0-1"]
[WhiteElo "2293"]
[BlackElo "2590"]
[PlyCount "80"]
[EventDate "2000.??.??"]

1. e4 c6 2. d4 Na6 3. Nf3 d6 4. Nc3 Nc7 5. Bd3 Bg4 6. h3 Bxf3 7. gxf3 d5 8.
exd5 Nxd5 9. Nxd5 Qxd5 10. Be3 e6 11. a3 O-O-O 12. Be4 Qb5 13. b3 Bxa3 14. Bd2
Bb4 15. c4 Qb6 16. Bxb4 Qxb4+ 17. Ke2 Kb8 18. Rg1 g6 19. Ra4 Qc3 20. c5 e5 21.
Qa1 exd4 22. Rxa7 d3+ 23. Ke3 Qxc5+ 24. Kf4 Qxa7 25. Qxh8 Qxf2 26. Qe5+ Kc8 27.
Bf5+ gxf5 28. Qxf5+ Kc7 29. Qa5+ b6 30. Qa7+ Kd6 31. Qa1 Qh2+ 32. Kg5 d2 33.
Kh4 Ke7 34. Re1+ Kf8 35. Qa3+ c5 36. Re4 d1=Q 37. b4 Qe1+ 38. Kg4 Qeg3+ 39. Kh5
Qhxh3+ 40. Rh4 Qgxh4# {Hossa checkmated} 0-1

[Event "ICS rated standard match"]
[Site "204.178.125.65"]
[Date "2000.05.15"]
[Round "?"]
[White "Hossa"]
[Black "fahmi"]
[Result "1-0"]
[WhiteElo "2301"]
[BlackElo "1979"]
[PlyCount "53"]
[EventDate "2000.??.??"]

1. e4 e5 2. Nf3 Nc6 3. Nc3 d6 4. d4 exd4 5. Nxd4 Nf6 6. Bb5 Bd7 7. Nxc6 Bxc6 8.
Bxc6+ bxc6 9. O-O Be7 10. Be3 O-O 11. Qd3 c5 12. Qa6 Qd7 13. Rfd1 Qe6 14. f3
Rfb8 15. Rab1 Rb6 16. Qf1 c6 17. Qf2 Qc4 18. Qd2 Rab8 19. b3 Qa6 20. Bg5 c4 21.
Na4 Rb4 22. Bxf6 gxf6 23. Qe1 d5 24. exd5 cxd5 25. Qxe7 Qxa4 26. bxa4 Rxb1 27.
Qe1 {fahmi resigns} 1-0

[Event "ICS rated standard match"]
[Site "204.178.125.65"]
[Date "2000.05.15"]
[Round "?"]
[White "fahmi"]
[Black "Hossa"]
[Result "0-1"]
[WhiteElo "1975"]
[BlackElo "2305"]
[PlyCount "40"]
[EventDate "2000.??.??"]

1. d4 d5 2. c4 e6 3. Nc3 Nf6 4. Bg5 Be7 5. e3 O-O 6. Nf3 Nbd7 7. Bd3 dxc4 8.
Bxc4 c5 9. dxc5 Nxc5 10. O-O h6 11. Bf4 b6 12. Ne5 Qxd1 13. Rfxd1 Bb7 14. Be2
Rac8 15. Rac1 Ra8 16. b4 Nce4 17. Nxe4 Bxe4 18. f3 Bd5 19. a3 Nh5 20. e4 Nxf4 {
fahmi resigns} 0-1

[Event "ICS rated blitz match"]
[Site "204.178.125.65"]
[Date "2000.05.15"]
[Round "?"]
[White "Hossa"]
[Black "sanchess64"]
[Result "1-0"]
[WhiteElo "2412"]
[BlackElo "2073"]
[PlyCount "85"]
[EventDate "2000.??.??"]

1. e4 e6 2. d4 d5 3. Nc3 Nf6 4. Bg5 Bb4 5. e5 h6 6. Bd2 Bxc3 7. bxc3 Ne4 8. Nf3
c5 9. Bd3 Nxd2 10. Qxd2 O-O 11. O-O Nc6 12. Bb5 Qa5 13. Bxc6 bxc6 14. Rfb1 Ba6
15. Qe3 cxd4 16. cxd4 Rac8 17. c3 c5 18. Rb2 Bc4 19. Nd2 cxd4 20. cxd4 Rc7 21.
a4 Rfc8 22. g4 Ba6 23. Nb3 Qc3 24. Qxc3 Rxc3 25. Nc5 Bd3 26. Rb7 a6 27. f4 Be4
28. Ra7 Rc6 29. Ra8+ Kh7 30. Nd7 Rc8 31. Rxc8 Rxc8 32. Nc5 Bf3 33. h3 Rc6 34.
f5 exf5 35. gxf5 Be2 36. Rb1 Bc4 37. Rb7 Kg8 38. e6 fxe6 39. Nxe6 Bd3 40. Rb8+
Kh7 41. Nf8+ Kg8 42. Ng6+ Kf7 43. Rf8# 1-0

[Event "ICS Rated blitz match"]
[Site "204.178.125.65"]
[Date "2000.05.15"]
[Round "?"]
[White "Hossa"]
[Black "alta2"]
[Result "0-1"]
[WhiteElo "2416"]
[BlackElo "2609"]
[PlyCount "126"]
[EventDate "2000.??.??"]

1. e4 c5 2. Nf3 e6 3. d4 cxd4 4. Nxd4 Nc6 5. Nb5 d6 6. c4 Nf6 7. N1c3 a6 8. Na3
Be7 9. Be2 O-O 10. O-O Bd7 11. Bf4 Qb6 12. Bxd6 Bxd6 13. Qxd6 Qxb2 14. Rac1
Rfd8 15. Rc2 Qb6 16. c5 Qb4 17. Nc4 Be8 18. Qc7 Nd4 19. a3 Qb3 20. Rcc1 Qxc3
21. Rxc3 Nxe2+ 22. Kh1 Nxc3 23. Nb6 Rab8 24. f3 Nb5 25. Qe5 Nxa3 26. Qb2 Rd3
27. Kg1 Rbd8 28. e5 Nd7 29. Nxd7 R8xd7 30. c6 bxc6 31. Qb6 Nc4 32. Qxa6 Nxe5
33. f4 Ng4 34. Qa8 Rd8 35. Qa7 Rd2 36. Qb6 Nf6 37. Qc7 Ra8 38. Kh1 Raa2 39. Rg1
Rd4 40. Re1 Rf2 41. f5 Re2 42. Rc1 Rc4 43. Rg1 exf5 44. Qb8 Rcc2 45. h3 Nh5 46.
Qb7 f4 47. Qb3 Ng3+ 48. Kh2 Nf1+ 49. Kh1 Rf2 50. Qxc2 Ng3+ 51. Kh2 Rxc2 52. Rd1
c5 53. Rg1 Bc6 54. h4 h5 55. Ra1 Rxg2+ 56. Kh3 g5 57. hxg5 Rf2 58. g6 Bg2+ 59.
Kh4 f6 60. g7 Bf3 61. Ra8+ Bxa8 62. Kh3 Kxg7 63. Kh4 Rh2# {Hossa checkmated}
0-1

[Event "ICS rated blitz match"]
[Site "204.178.125.65"]
[Date "2000.05.15"]
[Round "?"]
[White "DrHugoELO"]
[Black "Hossa"]
[Result "0-1"]
[WhiteElo "2137"]
[BlackElo "2408"]
[PlyCount "120"]
[EventDate "2000.??.??"]

1. d4 d5 2. Nc3 Nf6 3. Bg5 Nbd7 4. Nf3 h6 5. Bh4 e6 6. e4 dxe4 7. Nxe4 Be7 8.
Bxf6 Nxf6 9. Nxf6+ Bxf6 10. c3 O-O 11. Bd3 b6 12. Qe2 Rb8 13. O-O-O Bb7 14. h4
Bd5 15. Kb1 c5 16. g4 cxd4 17. cxd4 Rc8 18. g5 Bxd4 19. Ba6 Bxf3 20. Qxf3 Rc7
21. Qg4 e5 22. gxh6 f5 23. Bc4+ Kh7 24. Qe2 gxh6 25. f4 e4 26. Be6 Qe7 27.
Bxf5+ Rxf5 28. Rxd4 Rxf4 29. h5 Qc5 30. Rd2 e3 31. Qd3+ Qf5 32. Qxf5+ Rxf5 33.
Re2 Re7 34. Rh3 Rfe5 35. a3 a5 36. Kc2 b5 37. Kd3 Rd7+ 38. Kc3 Rc5+ 39. Kb3
Rd3+ 40. Ka2 Kg7 41. Rexe3 Rxe3 42. Rxe3 Rxh5 43. b4 axb4 44. axb4 Rg5 45. Re7+
Kf6 46. Rc7 h5 47. Rc8 Kf5 48. Kb3 h4 49. Rh8 Kg4 50. Rc8 h3 51. Rc2 Kg3 52.
Rc3+ Kg2 53. Rc5 Rxc5 54. bxc5 h2 55. Kb4 Kf3 56. Kxb5 h1=Q 57. c6 Qb1+ 58. Kc5
Qb8 59. Kd5 Qc7 60. Kc5 Ke4 {DrHugoELO resigns} 0-1

[Event "ICS rated blitz match"]
[Site "204.178.125.65"]
[Date "2000.05.15"]
[Round "?"]
[White "DrHugoELO"]
[Black "Hossa"]
[Result "0-1"]
[WhiteElo "2090"]
[BlackElo "2414"]
[PlyCount "56"]
[EventDate "2000.??.??"]

1. d4 d5 2. Nc3 Nf6 3. Bg5 Nbd7 4. Nf3 h6 5. Bh4 e6 6. e4 dxe4 7. Nxe4 Be7 8.
Bxf6 Nxf6 9. Bd3 Nxe4 10. Bxe4 O-O 11. c3 c5 12. dxc5 Bxc5 13. Qb3 f5 14. Bb1
Kh8 15. O-O Bd6 16. Re1 Qc7 17. Bd3 e5 18. Nh4 Rf6 19. g3 Be6 20. Qc2 e4 21.
Bf1 Rd8 22. b3 Bg8 23. Rac1 Be5 24. c4 Bh7 25. Rcd1 f4 26. Rxd8+ Qxd8 27. Qd1
Bd4 28. Re2 Bxf2+ 0-1

[Event "ICS rated blitz match"]
[Site "204.178.125.65"]
[Date "2000.05.15"]
[Round "?"]
[White "Hossa"]
[Black "sanchess64"]
[Result "1-0"]
[WhiteElo "2418"]
[BlackElo "2129"]
[PlyCount "51"]
[EventDate "2000.??.??"]

1. e4 e6 2. d4 d5 3. Nc3 Nf6 4. Bg5 Bb4 5. e5 h6 6. Bd2 Bxc3 7. bxc3 Ne4 8. Nf3
c5 9. Bd3 Nxd2 10. Qxd2 Nc6 11. Bb5 Qa5 12. c4 Qxd2+ 13. Kxd2 dxc4 14. Bxc6+
bxc6 15. dxc5 Ba6 16. Kc3 O-O 17. Rhd1 Rfd8 18. Rd6 Rxd6 19. exd6 Kf8 20. Ne5
Rc8 21. d7 Rd8 22. Nxc6 Rxd7 23. Nb8 Rc7 24. Nxa6 Rc6 25. Nb8 Rxc5 26. Nd7+ 1-0

[Event "ICS rated blitz match"]
[Site "204.178.125.65"]
[Date "2000.05.15"]
[Round "?"]
[White "sanchess64"]
[Black "Hossa"]
[Result "0-1"]
[WhiteElo "2124"]
[BlackElo "2423"]
[PlyCount "86"]
[EventDate "2000.??.??"]

1. e4 c6 2. d4 Na6 3. Nc3 Nc7 4. Bd3 d5 5. e5 e6 6. Nf3 Bb4 7. O-O b6 8. a3
Bxc3 9. bxc3 Ne7 10. Ng5 h6 11. Qh5 g6 12. Qh3 Ba6 13. f4 Bxd3 14. cxd3 c5 15.
a4 cxd4 16. cxd4 b5 17. Ba3 Nf5 18. Bc5 h5 19. g4 Nh6 20. gxh5 Nf5 21. Qg2 Rxh5
22. axb5 Ne3 23. Qf3 Nxf1 24. Rxf1 Nxb5 25. Qg4 Qc8 26. Kh1 a5 27. Rg1 Qd7 28.
Nf3 Qc6 29. Ng5 Rh6 30. Nf3 Rh8 31. Qg5 Qc7 32. Qf6 Rg8 33. Ng5 Qd7 34. Nh7 a4
35. Qh4 Qb7 36. Nf6+ Kd8 37. Nxg8+ Kd7 38. Nf6+ Kc8 39. Qh7 Qc7 40. Qh8+ Kb7
41. Qg7 a3 42. Rb1 a2 43. Rxb5+ Ka6 0-1

[Event "ICS rated blitz match"]
[Site "204.178.125.65"]
[Date "2000.05.15"]
[Round "?"]
[White "Hossa"]
[Black "Baxpace"]
[Result "0-1"]
[WhiteElo "2428"]
[BlackElo "2663"]
[PlyCount "104"]
[EventDate "2000.??.??"]

1. d4 Nf6 2. c4 e6 3. Nc3 Bb4 4. Bg5 h6 5. Bh4 c5 6. d5 Bxc3+ 7. bxc3 d6 8. e3
e5 9. Ne2 Nbd7 10. f3 g5 11. Bf2 e4 12. Ng3 exf3 13. gxf3 Ne5 14. Be2 Bh3 15.
Qa4+ Qd7 16. Qxd7+ Bxd7 17. Rb1 O-O-O 18. O-O h5 19. f4 gxf4 20. exf4 Ng6 21.
Bd3 Rhg8 22. Be3 Rde8 23. Bf2 h4 24. Nf5 Ne7+ 25. Ng3 Nh5 26. Be1 hxg3 27. hxg3
Nf5 28. Kh2 Re3 29. Bxf5 Bxf5 30. Bf2 Re2 31. Rbe1 Nxg3 32. Rxe2 Nxf1+ 33. Kh1
Bd3 34. Re1 Bxc4 35. Rxf1 Bxf1 36. a3 Rg2 37. Bh4 Ra2 38. Kg1 Bc4 39. f5 Rxa3
40. Be1 Ra2 41. Bg3 Kd7 42. Bh4 a5 43. Bg5 a4 44. Bf6 a3 45. Bh4 Rc2 46. Bf2 a2
47. Kg2 a1=Q 48. Kf3 Qxc3+ 49. Kg4 Qg7+ 50. Kh4 Rxf2 51. Kh3 Bf1+ 52. Kh4 Rh2#
0-1

[Event "ICS rated blitz match"]
[Site "204.178.125.65"]
[Date "2000.05.15"]
[Round "?"]
[White "Hossa"]
[Black "sanchess64"]
[Result "1-0"]
[WhiteElo "2421"]
[BlackElo "2097"]
[PlyCount "63"]
[EventDate "2000.??.??"]

1. e4 d5 2. exd5 Qxd5 3. Nc3 Qa5 4. d4 Nf6 5. Nf3 Bf5 6. Ne5 c6 7. Bc4 e6 8. g4
Bg6 9. Bd2 Nbd7 10. Nxg6 hxg6 11. g5 Nh5 12. d5 cxd5 13. Nxd5 Qd8 14. Nc3 Be7
15. Bb5 O-O 16. Be2 Bxg5 17. Bxg5 Qxg5 18. Qxd7 Rfd8 19. Qxb7 Qd2+ 20. Kf1 Qxc2
21. Bxh5 gxh5 22. Rg1 Rab8 23. Qxa7 Rxb2 24. Rg3 h4 25. Rf3 f6 26. Qe7 Rd2 27.
Qxe6+ Kf8 28. Qc8+ Kf7 29. Qc4+ Kf8 30. Qxh4 Rd3 31. Re1 Kg8 32. Re8+ {
ein boeses Schach} 1-0

[Event "ICS rated standard match"]
[Site "204.178.125.65"]
[Date "2000.05.15"]
[Round "?"]
[White "Hossa"]
[Black "jeffry2k"]
[Result "1-0"]
[WhiteElo "2309"]
[BlackElo "1994"]
[PlyCount "83"]
[EventDate "2000.??.??"]

1. e4 c5 2. Nf3 d6 3. d4 cxd4 4. Nxd4 Nf6 5. Nc3 g6 6. Be3 Bg7 7. f3 Nc6 8. Qd2
Bd7 9. Nxc6 Bxc6 10. Bc4 Rc8 11. Bb3 Qa5 12. O-O b5 13. a4 b4 14. Nb5 a6 15.
Na7 Rc7 16. Qf2 Nd7 17. Nxc6 Rxc6 18. Ra2 O-O 19. Qh4 Bf6 20. Qe1 Rfc8 21. f4
Nb6 22. Rf2 Nc4 23. Qc1 Nxe3 24. Qxe3 Qc5 25. Qxc5 Rxc5 26. Rd2 a5 27. g3 h5
28. h4 Kg7 29. Kg2 e5 30. Kh3 exf4 31. gxf4 Be7 32. Rd1 f6 33. Rg1 Kh6 34. Raa1
g5 35. Rad1 gxh4 36. f5 Re5 37. Rg6+ Kh7 38. Kxh4 Rxe4+ 39. Kxh5 Rc5 40. Rh6+
Kg7 41. Rg1+ Kf8 42. Rh8# 1-0

[Event "ICS Rated standard match"]
[Site "204.178.125.65"]
[Date "2000.05.15"]
[Round "?"]
[White "bookbuilder"]
[Black "Hossa"]
[Result "1-0"]
[WhiteElo "2639"]
[BlackElo "2313"]
[PlyCount "109"]
[EventDate "2000.??.??"]

1. e4 e5 2. Nf3 Nc6 3. Bc4 Nf6 4. Ng5 d5 5. exd5 Nd4 6. d6 Bf5 7. Bxf7+ Kd7 8.
d3 cxd6 9. c3 Nc6 10. Qb3 Kc7 11. Be6 Bg6 12. Na3 b6 13. Bc4 Kb7 14. O-O d5 15.
Bb5 Rc8 16. Qa4 Nb8 17. d4 e4 18. Ne6 Qe7 19. Nxf8 Rhxf8 20. Be2 Bh5 21. Bxh5
Nxh5 22. c4 Qe6 23. Be3 Nf6 24. c5 bxc5 25. dxc5 Nc6 26. Nb5 Ne8 27. Rad1 Rd8
28. Nd4 Nxd4 29. Rxd4 Ka8 30. Rfd1 Nf6 31. c6 Rf7 32. Rb4 Rb8 33. Rxb8+ Kxb8
34. Bf4+ Ka8 35. Rc1 e3 36. Qb4 exf2+ 37. Kf1 Qc8 38. c7 Nd7 39. Qd6 Nb6 40.
Qc6+ Qb7 41. Qe8+ Nc8 42. Qxf7 Qb5+ 43. Kxf2 Qxb2+ 44. Kf3 Qb7 45. Qe6 d4+ 46.
Kf2 a6 47. Rb1 Ka7 48. Rxb7+ Kxb7 49. Qd5+ Kb6 50. a4 Ka7 51. Qxd4+ Kb7 52.
Qd5+ Kb6 53. a5+ Ka7 54. Be3+ Nb6 55. axb6# 1-0

[Event "ICS rated blitz match"]
[Site "204.178.125.65"]
[Date "2000.05.15"]
[Round "?"]
[White "GIRONA"]
[Black "Hossa"]
[Result "1-0"]
[WhiteElo "2077"]
[BlackElo "2425"]
[PlyCount "147"]
[EventDate "2000.??.??"]

1. e4 c6 2. d4 Na6 3. Nf3 d6 4. Nc3 Nc7 5. g3 Nf6 6. Bg2 Bg4 7. O-O h5 8. Re1
h4 9. h3 Bxf3 10. Qxf3 hxg3 11. fxg3 e5 12. Be3 exd4 13. Bxd4 Be7 14. Rad1 Ne6
15. Be3 Nd7 16. Ne2 Ne5 17. Qf2 Nc4 18. Bc1 Qb6 19. Nd4 Nxb2 20. Bxb2 Qxb2 21.
Nf5 Qxa2 22. Nxd6+ Bxd6 23. Rxd6 Rd8 24. e5 O-O 25. Red1 Qb2 26. Qf5 Qb6+ 27.
Kh2 Qe3 28. R1d2 Qxd2 29. Rxd2 Rxd2 30. h4 Nd4 31. Qf4 Rd8 32. Kh3 Nxc2 33. Be4
Na3 34. Qf5 g6 35. Qf6 Rd1 36. e6 fxe6 37. Qxg6+ Kf8 38. Qf6+ Ke8 39. Qxe6+ Kf8
40. Qf6+ Kg8 41. h5 R1d6 42. Qg5+ Kf7 43. Bg6+ Kg8 44. h6 R8d7 45. Bf5+ Kf8 46.
Bxd7 Rxd7 47. Qf5+ Rf7 48. Qc5+ Kg8 49. Qxa3 Kh7 50. Qe3 a5 51. g4 b5 52. g5
Kg6 53. Kg4 Rb7 54. Qe6+ Kh7 55. Qf5+ Kg8 56. Kh5 Rf7 57. Qg6+ Kf8 58. Qxc6 b4
59. Qc8+ Ke7 60. g6 Rf6 61. Qb7+ Kd6 62. Qb6+ Ke5 63. Qxa5+ Ke4 64. g7 b3 65.
Qb4+ Kf3 66. Qxb3+ Ke4 67. g8=Q Rf5+ 68. Kg6 Rf7 69. Qgxf7 Kd4 70. Qbe6 Kc3 71.
Qfd7 Kb4 72. Qec6 Ka3 73. Qdb7 Ka2 74. Qca6# {Hossa checkmated} 1-0

[Event "ICS rated blitz match"]
[Site "204.178.125.65"]
[Date "2000.05.15"]
[Round "?"]
[White "Hossa"]
[Black "sanchess64"]
[Result "1-0"]
[WhiteElo "2397"]
[BlackElo "2085"]
[PlyCount "49"]
[EventDate "2000.??.??"]

1. e4 d5 2. exd5 Qxd5 3. Nc3 Qa5 4. d4 Nf6 5. Nf3 Bf5 6. Bd2 e6 7. Nh4 Bg6 8.
Nb5 Qb6 9. Nxg6 hxg6 10. Bf4 Na6 11. a4 c6 12. a5 Qd8 13. Nc3 Bb4 14. Bxa6 bxa6
15. O-O Bxc3 16. bxc3 Nd5 17. Be5 f6 18. Bg3 Kf7 19. Qd2 Ne7 20. Rfe1 Qd7 21.
Qd3 Rh5 22. Qxa6 Nf5 23. Rab1 Nxg3 24. Rb7 Rd8 25. Qxc6 {sanchess64 resigns}
1-0

[Event "ICS rated blitz match"]
[Site "204.178.125.65"]
[Date "2000.05.15"]
[Round "?"]
[White "DrHugoELO"]
[Black "Hossa"]
[Result "0-1"]
[WhiteElo "2057"]
[BlackElo "2402"]
[PlyCount "54"]
[EventDate "2000.??.??"]

1. d4 d5 2. c3 e6 3. Bf4 Bd6 4. Bxd6 cxd6 5. e3 Nc6 6. Nf3 e5 7. Be2 Nf6 8. O-O
O-O 9. Na3 Bg4 10. Nd2 Bxe2 11. Qxe2 Re8 12. Qb5 a6 13. Qxb7 Na5 14. Qb4 Rb8
15. Qa4 Rxb2 16. Nb3 Nxb3 17. axb3 Qb6 18. b4 Ra8 19. Rfb1 Rd2 20. Rd1 Re2 21.
dxe5 dxe5 22. b5 Ne4 23. Rxd5 Nxc3 24. Qc4 Nxd5 25. Qxe2 axb5 26. Rd1 Nc3 27.
Qf3 e4 {DrHugoELO resigns} 0-1

[Event "ICS rated standard match"]
[Site "204.178.125.65"]
[Date "2000.05.15"]
[Round "?"]
[White "Hossa"]
[Black "chuda"]
[Result "0-1"]
[WhiteElo "2309"]
[BlackElo "2059"]
[PlyCount "72"]
[EventDate "2000.??.??"]

1. e4 d5 2. exd5 Nf6 3. d4 Bg4 4. f3 Bf5 5. c4 e6 6. dxe6 Nc6 7. Be3 Qe7 8.
exf7+ Qxf7 9. d5 O-O-O 10. Nc3 Nb4 11. Rc1 Re8 12. Kd2 Rxe3 13. Kxe3 Bc5+ 14.
Kd2 Re8 15. Qb3 Qe7 16. Ne4 Bxe4 17. Re1 Qe5 18. Nh3 Qd4+ 19. Kc1 Bc2 20. Qxb4
Bxb4 21. Rxe8+ Nxe8 22. Kxc2 Qd2+ 23. Kb3 Be7 24. a3 Bf6 25. Bd3 Qxd3+ 26. Ka2
Qc2 27. Rb1 Qxc4+ 28. Ka1 Qb3 29. a4 Nd6 30. f4 Nc4 31. g3 Ne3 32. Rh1 Kd7 33.
Rg1 Kd6 34. Rg2 Nc2+ 35. Rxc2 Qxc2 36. Ka2 Qxb2# {Hossa checkmated} 0-1

[Event "ICS rated standard match"]
[Site "204.178.125.65"]
[Date "2000.05.15"]
[Round "?"]
[White "Bootemout"]
[Black "Hossa"]
[Result "0-1"]
[WhiteElo "2028"]
[BlackElo "2283"]
[PlyCount "60"]
[EventDate "2000.??.??"]

1. d4 Nf6 2. Nf3 e6 3. e3 b6 4. c4 Bb7 5. Nc3 Bb4 6. Bd2 O-O 7. Be2 d5 8. cxd5
exd5 9. O-O Ba6 10. Bxa6 Nxa6 11. Qa4 Qc8 12. a3 Bxc3 13. Bxc3 Ng4 14. Rac1 Re8
15. b4 Nb8 16. b5 a6 17. Bb4 Ra7 18. bxa6 Nxa6 19. Qc6 Nf6 20. Ne5 Re6 21. Qb5
c5 22. dxc5 bxc5 23. Bxc5 Rc7 24. Nd3 Rec6 25. a4 Nxc5 26. Nb4 Rd6 27. Rfd1
Nce4 28. Rxc7 Qxc7 29. f3 Nc3 30. Nxd5 Nxb5 {Bootemout resigns} 0-1